[Event "Vlissingen HZ op 15th"]
[Site "Vlissingen"]
[Date "2011.08.01"]
[Round "4"]
[White "Beijerinck, Nick"]
[Black "Bus, Tom"]
[Result "1-0"]
[WhiteElo "2052"]
[BlackElo "2237"]
[PlyCount "51"]
[EventDate "2011.07.30"]
[EventType "swiss"]
[EventRounds "9"]
[EventCountry "NED"]
[SourceTitle "CBM 143 Extra"]
[Source "ChessBase"]
[SourceDate "2011.08.29"]
[SourceVersion "1"]
[SourceVersionDate "2011.08.29"]
[SourceQuality "1"]

1. e4 c5 2. Nf3 Nc6 3. d4 cxd4 4. Nxd4 Nf6 5. Nc3 d6 6. Bg5 e6 7. Qd2 a6 8. 0-0-0 Bd7 9. f4 h6 10. Bxf6 Qxf6 11. Qe3 Nxd4 12. Rxd4 Qd8 13. h4 Qa5 14. Be2 b5 15. Rhd1 Bc6 16. f5 e5 17. Rxd6 Bxd6 18. Rxd6 b4 19. Rxc6 bxc3 20. Rxc3 0-0 21. Qc5 Qd8 22. Qxe5 Qxh4 23. Rg3 Qh1+ 24. Kd2 Rad8+ 25. Bd3 f6 26. Qe7 1-0

[Event "Maastricht Limburg op-A 5th"]
[Site "Maastricht"]
[Date "2011.06.13"]
[Round "1"]
[White "Esser, Norbert"]
[Black "Beijerinck, Nick"]
[Result "1-0"]
[WhiteElo "2185"]
[BlackElo "2060"]
[PlyCount "79"]
[EventDate "2011.06.10"]
[EventType "swiss"]
[EventRounds "7"]
[EventCountry "NED"]
[SourceTitle "CBM 142 Extra"]
[Source "ChessBase"]
[SourceDate "2011.06.27"]
[SourceVersion "1"]
[SourceVersionDate "2011.06.27"]
[SourceQuality "1"]

1. e4 c5 2. Nf3 e6 3. Nc3 Nc6 4. g3 a6 5. Bg2 Qc7 6. 0-0 d6 7. d4 cxd4 8. Nxd4 Bd7 9. a4 Be7 10. Nde2 Nf6 11. h3 0-0 12. Be3 Ne5 13. b3 Nc6 14. g4 Rfd8 15. g5 Ne8 16. f4 Rac8 17. f5 Qa5 18. Qe1 Nb4 19. fxe6 Bxe6 20. Nd5 Bxd5 21. exd5 Rd7 22. c4 Bd8 23. Kh1 Bb6 24. Bd2 Bc5 25. Nc1 Qb6 26. a5 Qd8 27. Bxb4 Re7 28. Qd2 Be3 29. Qd1 Bxg5 30. Ra2 Rcc7 31. Re1 Rxe1+ 32. Bxe1 Qf6 33. Re2 Kf8 34. Nd3 Qf5 35. Bg3 Rd7 36. Qf1 Qg6 37. Nf4 Qf6 38. Qe1 Nc7 39. Ne6+ fxe6 40. dxe6 1-0

[Event "Maastricht Limburg op-A 5th"]
[Site "Maastricht"]
[Date "2011.06.13"]
[Round "3"]
[White "Wislez, Francis"]
[Black "Beijerinck, Nick"]
[Result "0-1"]
[WhiteElo "2009"]
[BlackElo "2060"]
[PlyCount "38"]
[EventDate "2011.06.10"]
[EventType "swiss"]
[EventRounds "7"]
[EventCountry "NED"]
[SourceTitle "CBM 142 Extra"]
[Source "ChessBase"]
[SourceDate "2011.06.27"]
[SourceVersion "1"]
[SourceVersionDate "2011.06.27"]
[SourceQuality "1"]

1. e4 c5 2. Nf3 e6 3. d4 cxd4 4. Nxd4 Nc6 5. Nxc6 bxc6 6. Be2 Qc7 7. 0-0 Nf6 8. Qd4 Rb8 9. Nc3 Bd6 10. g3 h5 11. f4 Rb4 12. Qe3 Qa5 13. Qf3 Bc5+ 14. Kh1 h4 15. g4 d5 16. e5 Ne4 17. Nxe4 dxe4 18. Qg2 Ba6 19. c3 h3 0-1

[Event "Maastricht Limburg op-A 4th"]
[Site "Maastricht"]
[Date "2010.05.24"]
[Round "7"]
[White "Beijerinck, Nick"]
[Black "Verstraeten, Reinaert"]
[Result "1/2-1/2"]
[WhiteElo "2079"]
[BlackElo "2007"]
[PlyCount "95"]
[EventDate "2010.05.21"]
[EventType "swiss"]
[EventRounds "7"]
[EventCountry "NED"]
[SourceTitle "CBM 136 Extra"]
[Source "ChessBase"]
[SourceDate "2010.07.02"]
[SourceVersion "2"]
[SourceVersionDate "2010.07.15"]
[SourceQuality "1"]

1. b3 c5 2. e3 Nf6 3. c4 g6 4. Bb2 Bg7 5. Nf3 0-0 6. Be2 Nc6 7. 0-0 b6 8. a3 Bb7 9. Qc2 Rc8 10. d3 e6 11. Nbd2 d5 12. cxd5 exd5 13. Rad1 Qe7 14. Rfe1 Rfd8 15. Bf1 Qd7 16. Qb1 Ne8 17. g3 f5 18. Bg2 Bf6 19. Bxf6 Nxf6 20. Qb2 Ne8 21. h4 Qg7 22. Qb1 Nc7 23. Kh2 Nb5 24. Qa1 Qxa1 25. Rxa1 d4 26. e4 fxe4 27. Nxe4 Nd6 28. Bh3 Rb8 29. Nf6+ Kg7 30. Re6 Ne8 31. Nxe8+ Rxe8 32. Rae1 Rxe6 33. Rxe6 Rf8 34. Bg2 Nd8 35. Re7+ Rf7 36. Rxf7+ Nxf7 37. b4 a5 38. bxc5 bxc5 39. Ng5 Nxg5 40. hxg5 Ba6 41. Be4 h6 42. gxh6+ Kxh6 43. f4 g5 44. Kg2 gxf4 45. gxf4 Kg7 46. Kf3 Kf6 47. Ke2 Bb5 48. Ke1 1/2-1/2

[Event "Maastricht Limburg op-A 4th"]
[Site "Maastricht"]
[Date "2010.05.22"]
[Round "2"]
[White "Thakoerdien, Jerrel"]
[Black "Beijerinck, Nick"]
[Result "0-1"]
[WhiteElo "2001"]
[BlackElo "2079"]
[PlyCount "136"]
[EventDate "2010.05.21"]
[EventType "swiss"]
[EventRounds "7"]
[EventCountry "NED"]
[SourceTitle "CBM 136 Extra"]
[Source "ChessBase"]
[SourceDate "2010.07.02"]
[SourceVersion "2"]
[SourceVersionDate "2010.07.15"]
[SourceQuality "1"]

1. d4 Nf6 2. Nf3 g6 3. c4 Bg7 4. Nc3 0-0 5. g3 d6 6. Bg2 Nc6 7. d5 Na5 8. Nd2 c5 9. 0-0 a6 10. Qc2 Rb8 11. b3 b5 12. Bb2 Bh6 13. cxb5 axb5 14. Nde4 Nxe4 15. Nxe4 b4 16. e3 Ba6 17. Rfd1 c4 18. bxc4 Nxc4 19. Bd4 Qa5 20. Nd2 Na3 21. Qb2 Rfc8 22. Rac1 Qa4 23. Qb3 Qd7 24. Rc6 Bb5 25. Ba1 Bxc6 26. Qb2 f6 27. dxc6 Qf5 28. Rc1 Rc7 29. Nf3 e5 30. Qb3+ Kh8 31. Bc3 Bf8 32. Bxb4 d5 33. Qxa3 Rxb4 34. Qa5 Rc8 35. Qxd5 Rb1 36. Rxb1 Qxb1+ 37. Bf1 Qc1 38. Kg2 Qxc6 39. Qxc6 Rxc6 40. a4 Rc2 41. Bb5 Bb4 42. Ng1 Kg7 43. Ne2 Kf7 44. Kf3 f5 45. Kg2 Bd2 46. Bd3 Rc7 47. Bb5 g5 48. Kf3 Ke6 49. h3 h6 50. Ng1 Bb4 51. Ne2 Kd5 52. Ng1 Rc1 53. Ne2 Ra1 54. Kg2 Ba5 55. Ng1 Bd2 56. Ne2 Kc5 57. Ng1 Kb4 58. Bd7 Ra2 59. Kf1 f4 60. gxf4 exf4 61. exf4 Bxf4 62. Bb5 Kc3 63. Ne2+ Kd2 64. Nd4 Bc7 65. Kg2 Ke1 66. Nf3+ Kd1 67. h4 g4 68. Nh2 g3 0-1

[Event "NED-ch U17"]
[Site "Haarlem"]
[Date "2010.05.07"]
[Round "8"]
[White "Beijerinck, Nick"]
[Black "Maris, Ivo"]
[Result "1-0"]
[WhiteElo "2083"]
[BlackElo "1928"]
[PlyCount "183"]
[EventDate "2010.04.29"]
[EventType "swiss"]
[EventRounds "9"]
[EventCountry "NED"]
[SourceTitle "EXT 2011"]
[Source "ChessBase"]
[SourceDate "2010.11.26"]
[SourceVersion "1"]
[SourceVersionDate "2010.11.26"]
[SourceQuality "1"]

1. e4 c5 2. Nf3 Nf6 3. Nc3 d5 4. exd5 Nxd5 5. Nxd5 Qxd5 6. b3 Bg4 7. Bc4 Qe4+ 8. Qe2 Bxf3 9. gxf3 Qxe2+ 10. Kxe2 Nc6 11. c3 e6 12. Bb2 a6 13. f4 Rd8 14. Rad1 Bd6 15. Ke3 Ne7 16. Kf3 Ng6 17. d4 Bxf4 18. dxc5 Rxd1 19. Rxd1 Bxh2 20. c6 bxc6 21. Bxa6 h5 22. Bb7 h4 23. Bxc6+ Ke7 24. Kg2 Be5 25. a4 h3+ 26. Kh1 Rc8 27. Rd7+ Kf6 28. Bb7 Rb8 29. Ba3 Bxc3 30. Bd6 Rh8 31. f4 Kf5 32. Rxf7+ Kg4 33. Bc7 Rh5 34. Bc8 Kf3 35. f5 Rxf5 36. Rxf5+ exf5 37. Bxf5 Nf4 38. a5 Nd5 39. Bd8 Kg3 40. a6 Bd4 41. Bc8 Ba7 42. Bb7 Nb6 43. Bc7+ Kh4 44. Kh2 g5 45. Bc6 Kg4 46. Bg3 Kf5 47. Kxh3 Ke6 48. Bf2 Kd6 49. Be4 Ke5 50. Bf3 Kf5 51. Bc6 Kf4 52. Bc5 g4+ 53. Kh4 Nc8 54. Bxa7 Nxa7 55. Bg2 Ke5 56. Kxg4 Kd4 57. Kf4 Kc5 58. Ke5 Kb6 59. Bf1 Nc6+ 60. Kd6 Nb4 61. Bc4 Nc6 62. Kd5 Nb4+ 63. Kd4 Nc6+ 64. Kd5 Nb4+ 65. Kd6 Nc6 66. Be2 Nb4 67. Bb5 Nc2 68. Kd5 Ne3+ 69. Kd4 Nf5+ 70. Ke5 Ne7 71. Ke6 Nc8 72. Be2 Na7 73. Bd3 Nc6 74. Kd6 Nb4 75. Bb5 Nc2 76. Kd5 Ne3+ 77. Kd4 Nf5+ 78. Ke5 Ne7 79. Ke6 Nc8 80. Bf1 Na7 81. b4 Kc7 82. Kd5 Kb6 83. Kd6 Nc6 84. b5 Nb4 85. Bc4 Nc2 86. Kd7 Ne3 87. Be6 Nc2 88. a7 Kxa7 89. Kc7 Nb4 90. b6+ Ka6 91. Bc4+ Ka5 92. b7 1-0

[Event "NED-ch U17"]
[Site "Haarlem"]
[Date "2010.04.30"]
[Round "2"]
[White "Beijerinck, Nick"]
[Black "Bijlsma, Nick"]
[Result "0-1"]
[WhiteElo "2083"]
[BlackElo "2119"]
[PlyCount "68"]
[EventDate "2010.04.29"]
[EventType "swiss"]
[EventRounds "9"]
[EventCountry "NED"]
[SourceTitle "EXT 2011"]
[Source "ChessBase"]
[SourceDate "2010.11.26"]
[SourceVersion "1"]
[SourceVersionDate "2010.11.26"]
[SourceQuality "1"]

1. e4 c5 2. Nf3 d6 3. d4 cxd4 4. Nxd4 Nf6 5. Nc3 Nc6 6. Bg5 Bd7 7. Be2 Qa5 8. Bxf6 gxf6 9. Nb3 Qg5 10. g3 f5 11. exf5 Bxf5 12. Qd5 Bh6 13. f4 Qf6 14. Qd2 0-0-0 15. Nd5 Qxb2 16. Ne3 Bg7 17. Kf2 Be4 18. Bf3 Bxf3 19. Kxf3 d5 20. Qd3 e6 21. Rhd1 Qc3 22. Qb5 Qb4 23. Qxb4 Nxb4 24. c3 Nc6 25. Rac1 Kb8 26. Rd2 Rc8 27. c4 d4 28. Nd1 f5 29. Nf2 e5 30. fxe5 Nxe5+ 31. Kf4 Nxc4 32. Re2 Bh6+ 33. Kxf5 Bxc1 34. Nxc1 Ne3+ 0-1

[Event "Hoogeveen Unive op"]
[Site "Hoogeveen"]
[Date "2009.10.24"]
[Round "9"]
[White "Beijerinck, Nick"]
[Black "Afek, Yochanan"]
[Result "0-1"]
[WhiteElo "2044"]
[BlackElo "2303"]
[PlyCount "50"]
[EventDate "2009.10.16"]
[EventType "swiss"]
[EventRounds "9"]
[EventCountry "NED"]
[SourceTitle "CBM 132 Extra"]
[Source "ChessBase"]
[SourceDate "2009.11.03"]
[SourceVersion "1"]
[SourceVersionDate "2009.11.03"]
[SourceQuality "1"]

1. e4 c5 2. Nf3 Nc6 3. d4 cxd4 4. Nxd4 g6 5. Nc3 Bg7 6. Be3 Nf6 7. Bc4 0-0 8. Bb3 d6 9. f3 Bd7 10. Qd2 Nxd4 11. Bxd4 b5 12. Nd5 Nxd5 13. Bxg7 Kxg7 14. Bxd5 Rc8 15. c3 Qb6 16. h4 h5 17. g4 hxg4 18. h5 gxf3 19. 0-0-0 Rh8 20. Qg5 e6 21. hxg6 f6 22. Qg4 Qe3+ 23. Kb1 Qg5 24. Qxf3 exd5 25. Rhg1 dxe4 0-1

[Event "Hoogeveen Unive op"]
[Site "Hoogeveen"]
[Date "2009.10.21"]
[Round "6"]
[White "Beijerinck, Nick"]
[Black "Hortensius, Lisa"]
[Result "1-0"]
[WhiteElo "2044"]
[BlackElo "2042"]
[PlyCount "89"]
[EventDate "2009.10.16"]
[EventType "swiss"]
[EventRounds "9"]
[EventCountry "NED"]
[SourceTitle "CBM 132 Extra"]
[Source "ChessBase"]
[SourceDate "2009.11.03"]
[SourceVersion "1"]
[SourceVersionDate "2009.11.03"]
[SourceQuality "1"]

1. e4 e6 2. d4 d5 3. Nc3 Bb4 4. e5 b6 5. Qg4 Bf8 6. Nf3 Qd7 7. Bd3 Nc6 8. Ng5 g6 9. h4 h5 10. Qf4 Nh6 11. a3 Nf5 12. Be3 a5 13. f3 Ba6 14. Bxa6 Rxa6 15. Bf2 Bh6 16. g4 Ng7 17. Qd2 Ra8 18. Be3 Rb8 19. Nge4 Bxe3 20. Nf6+ Kd8 21. Qxe3 Qe7 22. 0-0-0 Ne8 23. g5 Kc8 24. Qd3 Kb7 25. Na4 Na7 26. c4 Nxf6 27. exf6 Qe8 28. Nc3 Qd7 29. cxd5 exd5 30. Rhe1 Rbe8 31. Re5 Rxe5 32. dxe5 c6 33. Qd4 Re8 34. Rd3 Qc7 35. f4 Re6 36. Re3 Qd8 37. Ne4 Nb5 38. Nd6+ Nxd6 39. exd6 Qxd6 40. Rxe6 Qxe6 41. Qe5 Qd7 42. f5 gxf5 43. Qe7 Kc7 44. g6 fxg6 45. Qg7 1-0

[Event "Hoogeveen Unive op"]
[Site "Hoogeveen"]
[Date "2009.10.16"]
[Round "1"]
[White "Van Kooten, Luuk"]
[Black "Beijerinck, Nick"]
[Result "1-0"]
[WhiteElo "2292"]
[BlackElo "2044"]
[PlyCount "79"]
[EventDate "2009.10.16"]
[EventType "swiss"]
[EventRounds "9"]
[EventCountry "NED"]
[SourceTitle "CBM 132 Extra"]
[Source "ChessBase"]
[SourceDate "2009.11.03"]
[SourceVersion "1"]
[SourceVersionDate "2009.11.03"]
[SourceQuality "1"]

1. d4 Nf6 2. c4 g6 3. Nc3 Bg7 4. e4 d6 5. Bd3 0-0 6. Nge2 Nc6 7. 0-0 e5 8. d5 Nd4 9. Rb1 Nd7 10. b4 a5 11. a3 Nb8 12. Nxd4 exd4 13. Ne2 axb4 14. axb4 c5 15. bxc5 dxc5 16. f4 Qc7 17. Ng3 f6 18. e5 fxe5 19. f5 Ra6 20. fxg6 Rxf1+ 21. Qxf1 hxg6 22. Be4 Qf7 23. Qd3 Kh7 24. h4 Kg8 25. Bg5 Nd7 26. Rf1 Qe8 27. d6 Nf8 28. Be7 Be6 29. Bxf8 Bxf8 30. Bxg6 Qd8 31. Ne4 Qxh4 32. Qf3 Bh6 33. Bf7+ Kg7 34. Bxe6 Be3+ 35. Nf2 Bxf2+ 36. Rxf2 Ra1+ 37. Rf1 Rxf1+ 38. Qxf1 Qg5 39. Qf7+ Kh8 40. Qe8+ 1-0

[Event "Dieren op"]
[Site "Dieren"]
[Date "2009.07.30"]
[Round "9"]
[White "Beijerinck, Nick"]
[Black "Van den Bergh, Peter"]
[Result "1-0"]
[WhiteElo "2022"]
[BlackElo "2095"]
[PlyCount "111"]
[EventDate "2009.07.21"]
[EventType "swiss"]
[EventRounds "9"]
[EventCountry "NED"]
[SourceTitle "CBM 131 Extra"]
[Source "ChessBase"]
[SourceDate "2009.09.03"]
[SourceVersion "2"]
[SourceVersionDate "2009.09.16"]
[SourceQuality "1"]

1. e4 e5 2. Nf3 Nc6 3. Bb5 g6 4. 0-0 Bg7 5. Nc3 Nge7 6. d3 0-0 7. Re1 a6 8. Bc4 Na5 9. Bg5 h6 10. Bh4 d6 11. Nd5 g5 12. Bxg5 hxg5 13. Nxg5 Nxd5 14. Qh5 Nf6 15. Bxf7+ Rxf7 16. Qxf7+ Kh8 17. Re3 Qf8 18. Qxc7 Nc6 19. Nf7+ Kg8 20. Nxd6 Qe7 21. Qxe7 Nxe7 22. c3 Nc6 23. Re2 Kf8 24. f3 Ke7 25. Nf5+ Bxf5 26. exf5 Kd6 27. g4 Nd5 28. h4 Nf4 29. Rh2 Ne7 30. Rd1 Rh8 31. Kf2 Bf6 32. h5 Nc6 33. Kg3 Bg5 34. a4 Nd5 35. Re2 Bf4+ 36. Kh4 Ne3 37. Rde1 Nxf5+ 38. gxf5 Ne7 39. f6 Nf5+ 40. Kg4 Ke6 41. f7 Ng3 42. Rxe5+ Bxe5 43. f4 Kxf7 44. Rxe5 Nf1 45. b4 Rc8 46. Rc5 Rxc5 47. bxc5 Ne3+ 48. Kg5 Nd1 49. c4 Nb2 50. d4 Nxa4 51. f5 a5 52. Kf4 Nxc5 53. Ke3 a4 54. Kd2 Ne4+ 55. Kc2 Nd2 56. Kxd2 1-0

[Event "Maastricht Limburg op 3rd"]
[Site "Maastricht"]
[Date "2009.05.31"]
[Round "4"]
[White "Beijerinck, Nick"]
[Black "Heltzel, Joost"]
[Result "1-0"]
[WhiteElo "1985"]
[BlackElo "2267"]
[PlyCount "69"]
[EventDate "2009.05.29"]
[EventType "swiss"]
[EventRounds "7"]
[EventCountry "NED"]
[SourceTitle "CBM 130 Extra"]
[Source "ChessBase"]
[SourceDate "2009.07.02"]
[SourceVersion "2"]
[SourceVersionDate "2009.07.15"]
[SourceQuality "1"]

1. e4 c5 2. Nf3 g6 3. d4 cxd4 4. Nxd4 Nc6 5. Nc3 Bg7 6. Be3 Nf6 7. Nxc6 bxc6 8. e5 Ng8 9. f4 Qa5 10. Qd3 f6 11. Be2 fxe5 12. f5 e4 13. Qc4 Bb7 14. Qb3 0-0-0 15. 0-0-0 gxf5 16. Na4 Bh6 17. Bxh6 Nxh6 18. Rd4 d5 19. Rb4 Rd7 20. Qc3 d4 21. Qc5 Qxc5 22. Nxc5 Rc7 23. Bc4 a5 24. Rb3 Kb8 25. Na6+ Kc8 26. Be6+ Kd8 27. Nc5 Ke8 28. Nxb7 Kf8 29. Nc5 Kg7 30. Bxf5 Nxf5 31. Ne6+ Kf6 32. Nxc7 Rc8 33. Na6 Ne3 34. Rb8 Rxb8 35. Nxb8 1-0

[Event "Maastricht Limburg op 3rd"]
[Site "Maastricht"]
[Date "2009.05.29"]
[Round "1"]
[White "Miesen, Fabian"]
[Black "Beijerinck, Nick"]
[Result "0-1"]
[WhiteElo "2082"]
[BlackElo "1985"]
[PlyCount "120"]
[EventDate "2009.05.29"]
[EventType "swiss"]
[EventRounds "7"]
[EventCountry "NED"]
[SourceTitle "CBM 130 Extra"]
[Source "ChessBase"]
[SourceDate "2009.07.02"]
[SourceVersion "2"]
[SourceVersionDate "2009.07.15"]
[SourceQuality "1"]

1. c4 Nf6 2. Nc3 g6 3. e4 d6 4. g3 Bg7 5. Bg2 0-0 6. Nge2 c5 7. 0-0 Nc6 8. d3 Be6 9. h3 Nd4 10. Be3 Nd7 11. f4 Nb8 12. g4 Nbc6 13. Ng3 Bd7 14. Qd2 a6 15. f5 Be5 16. Qf2 Nb4 17. Rad1 Ndc2 18. Nge2 Nxe3 19. Qxe3 Nc2 20. Qd2 Nd4 21. Nxd4 Bxd4+ 22. Kh1 Bc6 23. Rf3 b5 24. Nd5 e6 25. fxe6 fxe6 26. Rxf8+ Qxf8 27. Nc7 Rb8 28. Nxe6 Qf6 29. Nxd4 Qxd4 30. cxb5 axb5 31. Rf1 Bd7 32. a3 Be6 33. Qe2 c4 34. dxc4 bxc4 35. Rf2 Rb3 36. Qd2 Rd3 37. Qf4 Qg7 38. Qg5 h6 39. Qd8+ Kh7 40. Qe8 Bd7 41. Qf7 Bc6 42. Kh2 Qxf7 43. Rxf7+ Kg8 44. Rc7 Bb5 45. a4 Bxa4 46. Rxc4 Bb3 47. Rb4 Bc2 48. Rb7 Rd2 49. Kg3 Rxg2+ 50. Kf3 Rd2 51. b4 Rd3+ 52. Kf4 Rd4 53. b5 Rxe4+ 54. Kf3 Rb4 55. Rd7 Be4+ 56. Ke3 d5 57. Rb7 Bg2 58. Rb8+ Kg7 59. b6 Bxh3 60. b7 Bxg4 0-1

[Event "EU-ch U14 18th"]
[Site "Herceg Novi"]
[Date "2008.09.24"]
[Round "9"]
[White "Admiraal, Miguoel"]
[Black "Beijerinck, Nick"]
[Result "1-0"]
[WhiteElo "1944"]
[BlackElo "2106"]
[PlyCount "39"]
[EventDate "2008.09.15"]
[EventType "swiss"]
[EventRounds "9"]
[EventCountry "MNE"]
[SourceTitle "CBM 126 Extra"]
[Source "ChessBase"]
[SourceDate "2008.11.05"]
[SourceVersion "1"]
[SourceVersionDate "2008.11.05"]
[SourceQuality "1"]

1. e4 c5 2. Nf3 d6 3. d4 cxd4 4. Nxd4 Nf6 5. Nc3 Nc6 6. Bg5 e6 7. Qd2 a6 8. 0-0-0 Bd7 9. f4 b5 10. Qe1 b4 11. Nxc6 Bxc6 12. Nd5 a5 13. e5 Nxd5 14. Bxd8 Rxd8 15. f5 Be7 16. Qg3 dxe5 17. fxe6 fxe6 18. Qxe5 h6 19. Bd3 Bg5+ 20. Kb1 1-0

[Event "Twente Young Master op-C"]
[Site "Twente"]
[Date "2007.08.08"]
[Round "4"]
[White "Schaeken, Yordi"]
[Black "Beijerinck, Nick"]
[Result "1-0"]
[WhiteElo "1860"]
[BlackElo "1738"]
[PlyCount "62"]
[EventDate "2007.08.06"]
[EventType "swiss"]
[EventRounds "9"]
[EventCountry "NED"]
[SourceTitle "EXT 2008"]
[Source "ChessBase"]
[SourceDate "2007.11.25"]
[SourceVersion "1"]
[SourceVersionDate "2007.11.25"]
[SourceQuality "1"]

1. e4 c5 2. c3 g6 3. d4 cxd4 4. cxd4 Bg7 5. Nc3 d6 6. Nf3 Nf6 7. h3 0-0 8. Bd3 Bd7 9. 0-0 a6 10. Be3 Nc6 11. Qd2 Rc8 12. Rac1 b5 13. Bh6 Qb6 14. e5 Ne8 15. Nd5 Qa7 16. Bxg7 Nxg7 17. Qh6 f6 18. exf6 exf6 19. Bxg6 hxg6 20. Qxg6 Qb7 21. Rfe1 Bf5 22. Nxf6+ Rxf6 23. Qxf6 Rf8 24. Qxd6 Bd7 25. d5 Bxh3 26. Rxc6 Qf7 27. Rc7 Qh5 28. Ree7 Ne8 29. Qg3+ Bg4 30. Rc8 Kh8 31. Rexe8 Bxc8 1-0